| 000 | 00572nam a2200205Ia 4500 | ||
|---|---|---|---|
| 005 | 20250923144958.0 | ||
| 008 | 008 250917s9999 xx 000 0 eng d | ||
| 037 | _aTextual | ||
| 040 |
_aDSWL _beng _cDSWL |
||
| 041 |
_aeng _2eng |
||
| 084 |
_aY1:432:6.83.N6, N63 _qDSWL |
||
| 100 |
_aTierney, L. _9830500 |
||
| 245 | 0 |
_aChildren who need help _cby L. Tierney |
|
| 260 |
_bUniversity Press _c1963 |
||
| 300 | _aIX,127 p. | ||
| 365 |
_aINR _b35 |
||
| 925 | _g35 | ||
| 942 |
_cTEXL _hY1:432:6.83.N6, N63 |
||
| 999 |
_c1445622 _d1445622 |
||